000 00987cam a2200313 a 4500
001 831625
003 ARRUPE
005 20150907121300.0
008 900501s1989 enka b 001 0 eng
010 _a 87033244
020 _a0521345499
035 _a(OCoLC)17296895
035 _a(OCoLC)ocm17296895
035 _a(CStRLIN)NYCG90-B28488
035 _a(NNC)831625
040 _cArrupe
050 0 _aB765.J34
_bM67 1989
082 0 _a189
_219
090 _aB765.J34
_bM67 1989
100 1 _aMoran, Dermot.
_919364
245 1 4 _aThe philosophy of John Scottus Eriugena :
_ba study of idealism in the Middle Ages /
_cDermot Moran.
260 _aCambridge [England] ;
_aNew York :
_bCambridge University Press,
_c1989.
300 _axvii, 333 p. :
_bill. ;
_c24 cm.
500 _aIncludes indexes.
504 _aBibliography: p. [288]-315.
600 1 0 _aErigena, Johannes Scotus,
_dapproximately 810-approximately 877.
_919365
942 _2lcc
_cMONOGRAPH
999 _c123253
_d123253